Green Roof: A Case Study: Michael Van Valkenburgh Associates' Design For the Headquarters of the American Society of Landscape Architects (Record no. 13292)
[ view plain ]
| 000 -LEADER | |
|---|---|
| fixed length control field | 00329 a2200085 4500 |
| 020 ## - INTERNATIONAL STANDARD BOOK NUMBER | |
| International Standard Book Number | 9781568986852 |
| 100 ## - MAIN ENTRY--PERSONAL NAME | |
| Personal name | Christian Werthmann |
| 245 ## - TITLE STATEMENT | |
| Title | Green Roof: A Case Study: Michael Van Valkenburgh Associates' Design For the Headquarters of the American Society of Landscape Architects |
| 260 ## - PUBLICATION, DISTRIBUTION, ETC. | |
| Name of publisher, distributor, etc. | Princeton Architectural Press |
| Date of publication, distribution, etc. | 2007 |
| Withdrawn status | Lost status | Source of classification or shelving scheme | Damaged status | Not for loan | Permanent Location | Current Location | Date acquired | Source of acquisition | Cost, normal purchase price | Full call number | Barcode | Date last seen | Cost, replacement price | Price effective from | Koha item type |
|---|---|---|---|---|---|---|---|---|---|---|---|---|---|---|---|
| BMS College of Architecture, Design and Planning | BMS College of Architecture, Design and Planning | 2025-05-20 | 1 | 2946.38 | 635.9671WER | AR-UG4531 | 2025-05-20 | 3928.50 | 2025-05-20 | UG Books |